[Event "2014 Northern Alberta Open"]
[Site "Edmonton"]
[Date "2014.02.15"]
[Round "2.19"]
[White "Koperski, Dustin"]
[Black "Mahammadov, Elmir"]
[Result "1-0"]
[WhiteElo "1232"]
[BlackElo "1588"]
[PlyCount "67"]
[EventDate "2014.02.15"]
[EventType "swiss"]
[EventRounds "5"]
[EventCountry "CAN"]

1. e4 e5 2. Nf3 Nc6 3. Bc4 Bc5 4. b4 Bxb4 5. c3 Ba5 6. d4 exd4 7. O-O Bxc3 8.
Nxc3 dxc3 9. Qb3 Qe7 10. Ba3 d6 11. e5 Nd8 12. exd6 cxd6 13. Rfe1 Be6 14. Nd4
Kf8 15. Nf5 Qf6 16. Bxd6+ Ke8 17. Qb5+ Nc6 18. Bxe6 fxe6 19. Rxe6+ Qxe6 20.
Nxg7+ Kd7 21. Nxe6 Kxd6 22. Nf4 Nge7 23. Qd3+ Kc7 24. Qxc3 Rhe8 25. Qg7 Rg8 26.
Qxh7 Rg4 27. Nd5+ Kd6 28. Nxe7 Nxe7 29. Qh6+ Kc7 30. Rc1+ Nc6 31. Qh7+ Kd6 32.
Rd1+ Ke6 33. Qd7+ Kf6 34. Qxg4 1-0

[Event "2014 Northern Alberta Open"]
[Site "Edmonton"]
[Date "2014.02.15"]
[Round "3"]
[White "Yao, David"]
[Black "Pradzinski, Tim"]
[Result "0-1"]
[WhiteElo "1592"]
[BlackElo "1951"]
[PlyCount "72"]
[EventDate "2014.02.15"]
[EventType "swiss"]
[EventRounds "5"]
[EventCountry "CAN"]

1. d4 d5 2. Nf3 Nf6 3. g3 Nc6 4. Bg2 e6 5. c3 Bd6 6. O-O Bd7 7. Bg5 h6 8. Bxf6
Qxf6 9. Nbd2 g5 10. e4 O-O-O 11. e5 Nxe5 12. dxe5 Bxe5 13. Nxe5 Qxe5 14. a4 f5
15. Qe1 Qd6 16. Qe3 Kb8 17. b4 f4 18. Qd3 h5 19. Nb3 g4 20. Nc5 f3 21. Nxd7+
Rxd7 22. Bxf3 gxf3 23. Qxf3 h4 24. gxh4 Rxh4 25. Qg3 Rg7 26. Kh1 Rxg3 27. fxg3
Rh8 28. Kg2 b6 29. h4 Rg8 30. Rf3 e5 31. h5 e4 32. Re3 Qh6 33. Kf2 Rf8+ 34. Ke2
Qxh5+ 35. Kd2 Rf2+ 36. Ke1 Rb2 0-1

[Event "2014 Northern Alberta Open"]
[Site "Edmonton"]
[Date "2014.02.15"]
[Round "3.2"]
[White "Haynes, Nicolas"]
[Black "Hughey, Micah"]
[Result "1/2-1/2"]
[WhiteElo "2281"]
[BlackElo "2141"]
[PlyCount "32"]
[EventDate "2014.02.15"]
[EventType "swiss"]
[EventRounds "5"]
[EventCountry "CAN"]

1. e4 e5 2. Nc3 Nf6 3. g3 Bc5 4. Bg2 O-O 5. d3 c6 6. Nf3 Re8 7. O-O d5 8. exd5
cxd5 9. Bg5 Nc6 10. Nd2 Be6 11. Nb3 Be7 12. Bxf6 Bxf6 13. Nc5 Qb6 14. Nxe6 fxe6
15. Rb1 Rac8 16. Ne2 Nd4 1/2-1/2

[Event "2014 Northern Alberta Open"]
[Site "Edmonton"]
[Date "2014.02.15"]
[Round "3.3"]
[White "Nguyen, Kim"]
[Black "Pechenkin, Vladimir"]
[Result "1-0"]
[WhiteElo "2081"]
[BlackElo "2395"]
[PlyCount "34"]
[EventDate "2014.02.15"]
[EventType "swiss"]
[EventRounds "5"]
[EventCountry "CAN"]

1. e4 e6 2. d4 d5 3. Nd2 Be7 4. Bd3 c5 5. dxc5 Nf6 6. Qe2 O-O 7. Ngf3 a5 8. a4
Na6 9. O-O Nxc5 10. e5 Nxd3 11. cxd3 Nd7 12. Nd4 Qb6 13. N2f3 Nc5 14. Be3 Bd7
15. b3 Rac8 16. Rfc1 Qa6 17. Rc3 Ne4 1-0

[Event "2014 Northern Alberta Open"]
[Site "Edmonton"]
[Date "2014.02.15"]
[Round "3.4"]
[White "Yam, Alex"]
[Black "Sequillion, Aaron"]
[Result "1-0"]
[WhiteElo "2369"]
[BlackElo "2188"]
[PlyCount "69"]
[EventDate "2014.02.15"]
[EventType "swiss"]
[EventRounds "5"]
[EventCountry "CAN"]

1. e4 c5 2. c3 d6 3. d4 Nf6 4. dxc5 Nc6 5. Nd2 dxc5 6. Ngf3 Bg4 7. Bb5 Qc7 8.
Qa4 Bd7 9. O-O e6 10. Re1 Be7 11. e5 Nd5 12. Qg4 O-O-O 13. Bxc6 Bxc6 14. Ne4
Rdg8 15. Bg5 f5 16. exf6 gxf6 17. Qxe6+ Kb8 18. c4 Nf4 19. Bxf4 Qxf4 20. Re3
Rg7 21. Ng3 h5 22. Nf5 Rxg2+ 23. Kxg2 Qg4+ 24. Kf1 Bxf3 25. Nxe7 Qg2+ 26. Ke1
Qg1+ 27. Kd2 Qxa1 28. Rxf3 Qxb2+ 29. Ke1 Qb1+ 30. Ke2 Qxa2+ 31. Kf1 Qb1+ 32.
Kg2 h4 33. h3 Rd8 34. Qxf6 Rd1 35. Qe5+ 1-0

[Event "2014 Northern Alberta Open"]
[Site "Edmonton"]
[Date "2014.02.15"]
[Round "3.5"]
[White "Miller, David"]
[Black "Grossmann, Lenard"]
[Result "1-0"]
[WhiteElo "2108"]
[BlackElo "1632"]
[PlyCount "45"]
[EventDate "2014.02.15"]
[EventType "swiss"]
[EventRounds "5"]
[EventCountry "CAN"]

1. e4 c5 2. Nf3 d6 3. d4 cxd4 4. Nxd4 Nf6 5. Nc3 a6 6. Bg5 e6 7. f4 Be7 8. Qf3
Qc7 9. O-O-O Nbd7 10. Bd3 h6 11. Qh3 Nc5 12. Rhe1 e5 13. Nf5 Rg8 14. Nxg7+ Rxg7
15. Qxh6 Rh7 16. Nd5 Nxd5 17. Qxh7 Bxg5 18. Qg8+ Ke7 19. Qxg5+ Nf6 20. fxe5
dxe5 21. Rf1 Qc6 22. Qxe5+ Be6 23. Qxf6+ 1-0

[Event "2014 Northern Alberta Open"]
[Site "Edmonton"]
[Date "2014.02.15"]
[Round "3.6"]
[White "Stainer, Joel"]
[Black "Karmali, Hafiz"]
[Result "0-1"]
[WhiteElo "1604"]
[BlackElo "2039"]
[PlyCount "104"]
[EventDate "2014.02.15"]
[EventType "swiss"]
[EventRounds "5"]
[EventCountry "CAN"]

1. d4 Nf6 2. Nf3 d5 3. e3 g6 4. c4 c6 5. Nc3 Bg7 6. Bd3 O-O 7. Ne5 Ne8 8. f4 f6
9. Nxg6 hxg6 10. Bxg6 f5 11. Qh5 Nf6 12. Qg5 dxc4 13. Bxf5 Bxf5 14. Qxf5 Qd7
15. Qc2 Na6 16. Qa4 Qe6 17. Bd2 Nd5 18. Qxc4 Nxf4 19. Qxe6+ Nxe6 20. a3 Nac7
21. h4 Rad8 22. Ne4 Nd5 23. Ke2 Nf6 24. Nxf6+ exf6 25. g4 Rfe8 26. Kf2 c5 27.
Rag1 cxd4 28. exd4 Nxd4 29. Bc3 Ne2 30. Re1 Nxc3 31. Rxe8+ Rxe8 32. bxc3 Rc8
33. Rc1 Rc4 34. Kg3 f5 35. gxf5 Rxc3+ 36. Rxc3 Bxc3 37. Kf4 b5 38. Ke4 Bb2 39.
a4 bxa4 40. Kd3 Kf7 41. Kc2 a3 42. Kb3 Kf6 43. h5 Kxf5 44. Ka2 Kg5 45. Kb1 Kxh5
46. Ka2 Kg4 47. Kb1 Kf3 48. Ka2 Ke3 49. Kb1 Kd3 50. Ka2 Kc3 51. Kb1 Kb4 52. Ka2
Be5 0-1

[Event "2014 Northern Alberta Open"]
[Site "Edmonton"]
[Date "2014.02.15"]
[Round "3.10"]
[White "Porter, Patrick"]
[Black "Koperski, Dustin"]
[Result "1-0"]
[WhiteElo "1890"]
[BlackElo "1232"]
[PlyCount "65"]
[EventDate "2014.02.15"]
[EventType "swiss"]
[EventRounds "5"]
[EventCountry "CAN"]

1. e4 e5 2. Nf3 Nc6 3. Bb5 a6 4. Ba4 Nf6 5. Qe2 Be7 6. c3 d6 7. O-O b5 8. Bb3
O-O 9. d4 Bg4 10. Rd1 Re8 11. d5 Na5 12. Bc2 h6 13. Nbd2 Bf8 14. Nf1 c6 15.
dxc6 Nxc6 16. h3 Bh5 17. Ng3 Bg6 18. Nh4 Nh5 19. Ngf5 Bxf5 20. Nxf5 Nf6 21. Qd3
Qc7 22. Qg3 Kh8 23. Qh4 Nh7 24. Bb3 Rad8 25. Rd3 Ne7 26. Ne3 Ng6 27. Nd5 Qd7
28. Qh5 Nf6 29. Nxf6 gxf6 30. Bxh6 Bxh6 31. Qxh6+ Kg8 32. Qxg6+ Kf8 33. Qh7 1-0

[Event "2014 Northern Alberta Open"]
[Site "Edmonton"]
[Date "2014.02.15"]
[Round "3.12"]
[White "Brazeau, Robert"]
[Black "Elchoufi, Louay"]
[Result "1-0"]
[WhiteElo "1850"]
[BlackElo "1659"]
[PlyCount "71"]
[EventDate "2014.02.15"]
[EventType "swiss"]
[EventRounds "5"]
[EventCountry "CAN"]

1. d4 d5 2. c4 c6 3. Nf3 Nf6 4. Nc3 e6 5. e3 Nbd7 6. Bd3 dxc4 7. Bxc4 b5 8. Bd3
Bd6 9. O-O O-O 10. Qc2 Bb7 11. e4 e5 12. h3 a6 13. Bg5 Rc8 14. Qe2 c5 15. dxe5
Nxe5 16. Nxe5 Bxe5 17. f4 Qd4+ 18. Kh1 Bb8 19. Rad1 c4 20. Bb1 Qb6 21. e5 Ne8
22. Be7 Qe6 23. Qh5 g6 24. Qh4 Ng7 25. Bxf8 Rxf8 26. Ne4 h5 27. Nc5 Qc8 28.
Nxb7 Qxb7 29. Rd2 Ba7 30. Rfd1 Bb6 31. Rd7 Qc8 32. Qe7 Bc5 33. Qf6 Ne6 34. Bxg6
Qe8 35. Bb1 Ng7 36. Qh6 1-0

[Event "2014 Northern Alberta Open"]
[Site "Edmonton"]
[Date "2014.02.15"]
[Round "3.13"]
[White "Almanza, Bismarck"]
[Black "Sponga, George"]
[Result "1-0"]
[WhiteElo "1310"]
[BlackElo "1587"]
[PlyCount "73"]
[EventDate "2014.02.15"]
[EventType "swiss"]
[EventRounds "5"]
[EventCountry "CAN"]

1. e4 d6 2. d4 g6 3. Nc3 Bg7 4. Be3 e6 5. Bc4 a6 6. Nge2 Nf6 7. d5 e5 8. Qd2 b5
9. Bb3 b4 10. Na4 a5 11. Bh6 O-O 12. Bxg7 Kxg7 13. f3 h6 14. h3 Nh7 15. O-O-O
f5 16. h4 h5 17. Ng3 fxe4 18. Nxe4 Rf5 19. Qf2 Nd7 20. g3 Rf7 21. Qe3 Qf8 22.
Rdf1 Ba6 23. Rf2 Nhf6 24. Ng5 Ng4 25. fxg4 Rxf2 26. Ne6+ Kh7 27. Nxf8+ Raxf8
28. gxh5 gxh5 29. Qg5 Nf6 30. c4 bxc3 31. Bc2+ Kh8 32. Qh6+ Kg8 33. Nxc3 Bc8
34. Qg6+ Kh8 35. Ne4 Rf3 36. Nxf6 R8xf6 37. Qh7# 1-0

[Event "2014 Northern Alberta Open"]
[Site "Edmonton"]
[Date "2014.02.15"]
[Round "3.14"]
[White "Blyznyuk, Vladimir"]
[Black "Somera, Carlito"]
[Result "0-1"]
[WhiteElo "1407"]
[BlackElo "1541"]
[PlyCount "74"]
[EventDate "2014.02.15"]
[EventType "swiss"]
[EventRounds "5"]
[EventCountry "CAN"]

1. e4 e6 2. d4 d5 3. Nd2 Nc6 4. Ngf3 h6 5. e5 Nge7 6. c4 Nf5 7. Nb3 Bb4+ 8. Bd2
dxc4 9. Bxc4 a6 10. Bxb4 Nxb4 11. a3 Nc6 12. O-O Nce7 13. Rc1 b5 14. Be2 Nd5
15. Nc5 O-O 16. b4 Nf4 17. Re1 f6 18. Bf1 a5 19. g3 Nd5 20. Qb3 c6 21. Bg2 Nfe7
22. Bh3 f5 23. Bg2 Ng6 24. h4 f4 25. Bh3 axb4 26. Bxe6+ Kh8 27. h5 Rxa3 28. Qc2
Rxf3 29. Qxg6 fxg3 30. fxg3 Ne3 31. Bxc8 Qxc8 32. Ne6 R8f7 33. Nf4 Rf5 34. Qxc6
Rxg3+ 35. Kf2 Rxf4+ 36. Ke2 Qg4+ 37. Kd2 Rxd4# 0-1

[Event "2014 Northern Alberta Open"]
[Site "Edmonton"]
[Date "2014.02.15"]
[Round "3.15"]
[White "Scholz, Mike"]
[Black "Hughey, Leah"]
[Result "0-1"]
[WhiteElo "1392"]
[BlackElo "1468"]
[PlyCount "44"]
[EventDate "2014.02.15"]
[EventType "swiss"]
[EventRounds "5"]
[EventCountry "CAN"]

1. e4 e6 2. Nf3 d5 3. exd5 exd5 4. Qe2+ Be6 5. Qb5+ Nc6 6. Qxb7 Nge7 7. Bb5 Bd7
8. O-O Rb8 9. Qa6 Nb4 10. Bxd7+ Qxd7 11. Qxa7 Nec6 12. Re1+ Be7 13. Qa4 O-O 14.
Qb3 Qf5 15. Na3 Rfe8 16. Qc3 Bf6 17. Rxe8+ Rxe8 18. Qc5 Nd4 19. Qxd4 Bxd4 20.
c3 Bxf2+ 21. Kxf2 Nd3+ 22. Kf1 Re1# 0-1

[Event "2014 Northern Alberta Open"]
[Site "Edmonton"]
[Date "2014.02.16"]
[Round "4.3"]
[White "Hughey, Micah"]
[Black "Rekhson, Vladislav"]
[Result "1/2-1/2"]
[WhiteElo "2141"]
[BlackElo "2259"]
[PlyCount "51"]
[EventDate "2014.02.15"]
[EventType "swiss"]
[EventRounds "5"]
[EventCountry "CAN"]

1. e4 c5 2. Nf3 a6 3. c3 g6 4. d4 cxd4 5. cxd4 d5 6. Nc3 dxe4 7. Nxe4 Bg7 8.
Be2 Qd5 9. Nc3 Qd6 10. Ne4 Qb4+ 11. Bd2 Qxb2 12. O-O Bf5 13. Rb1 Qxa2 14. Nc3
Qe6 15. Rxb7 Nf6 16. Qa4+ Nfd7 17. d5 Qf6 18. Bg5 Qd6 19. Nb5 axb5 20. Qxa8 O-O
21. Rxb5 e6 22. dxe6 Qxe6 23. Be3 Nc6 24. Qa6 Nd4 25. Ra5 Nxf3+ 26. gxf3
1/2-1/2

[Event "2014 Northern Alberta Open"]
[Site "Edmonton"]
[Date "2014.02.16"]
[Round "4.4"]
[White "Beaudry, Lukas"]
[Black "Yam, Alex"]
[Result "0-1"]
[WhiteElo "2028"]
[BlackElo "2369"]
[PlyCount "94"]
[EventDate "2014.02.15"]
[EventType "swiss"]
[EventRounds "5"]
[EventCountry "CAN"]

1. e4 c5 2. Nf3 e6 3. d4 cxd4 4. Nxd4 a6 5. Bd3 Bc5 6. Nb3 Be7 7. O-O d6 8. Nc3
Nf6 9. Bg5 Nxe4 10. Nxe4 Bxg5 11. Qg4 Bf6 12. Rad1 d5 13. Nxf6+ Qxf6 14. c4
dxc4 15. Qxc4 O-O 16. Nc5 Nc6 17. Bb1 Qxb2 18. Qh4 f5 19. Rfe1 Qf6 20. Qc4 b5
21. Qb3 Nd4 22. Qe3 Rd8 23. f4 Ra7 24. g4 fxg4 25. Ne4 Qh4 26. Ng5 h6 27. Rxd4
Rxd4 28. Nxe6 Bxe6 29. Qxe6+ Rf7 30. Bg6 Rdxf4 31. Rc1 Qf2+ 32. Kh1 Qf3+ 33.
Kg1 Qf2+ 34. Kh1 Qf3+ 35. Kg1 Kh8 36. Bxf7 Qf2+ 37. Kh1 Qf3+ 38. Kg1 Qf2+ 39.
Kh1 Qf3+ 40. Kg1 Rxf7 41. Qe1 Kh7 42. Rc3 Qf4 43. Re3 Rf6 44. Kg2 Qf5 45. Kg1
Rd6 46. Re2 Rd3 47. Re5 Qf3 0-1

[Event "2014 Northern Alberta Open"]
[Site "Edmonton"]
[Date "2014.02.16"]
[Round "4.5"]
[White "Pradzinski, Tim"]
[Black "Haessel, Dale"]
[Result "0-1"]
[WhiteElo "1951"]
[BlackElo "2277"]
[PlyCount "80"]
[EventDate "2014.02.15"]
[EventType "swiss"]
[EventRounds "5"]
[EventCountry "CAN"]

1. e4 e5 2. f4 exf4 3. Nf3 h6 4. Bc4 g5 5. Ne5 Qe7 6. Bxf7+ Kd8 7. Ng6 Qxf7 8.
Nxh8 Qg7 9. Nc3 Qxh8 10. b3 Bg7 11. Bb2 d6 12. Qh5 Nc6 13. O-O Nf6 14. Qe2 Bg4
15. Qb5 Kc8 16. Nd5 a6 17. Qc4 Nxd5 18. Bxg7 Qxg7 19. exd5 Ne5 20. Qc3 Kd7 21.
d4 Ng6 22. Rae1 Ne7 23. h3 Nxd5 24. Qc4 Nb6 25. Qd3 Bh5 26. Qf5+ Kc6 27. Qe4+
d5 28. Qe6+ Kb5 29. c4+ dxc4 30. bxc4+ Ka4 31. Qe4 Bg6 32. Qf3 Qxd4+ 33. Kh1
Qxc4 34. Rc1 Qd5 35. Qc3 Be4 36. Rf2 Rd8 37. Rfc2 Qd3 38. Qxc7 Rc8 39. Qxc8
Nxc8 40. Rxc8 Qxh3+ 0-1

[Event "2014 Northern Alberta Open"]
[Site "Edmonton"]
[Date "2014.02.16"]
[Round "4.6"]
[White "Cheng, Louis"]
[Black "Miller, David"]
[Result "0-1"]
[WhiteElo "1904"]
[BlackElo "2108"]
[PlyCount "74"]
[EventDate "2014.02.15"]
[EventType "swiss"]
[EventRounds "5"]
[EventCountry "CAN"]

1. Nf3 c5 2. g3 b6 3. Nc3 Bb7 4. Bg2 Nf6 5. O-O e6 6. Re1 d6 7. e4 Nbd7 8. d4
cxd4 9. Qxd4 a6 10. Bg5 e5 11. Qd2 Be7 12. Nh4 g6 13. Bh3 h6 14. Bxh6 Ng8 15.
Bxd7+ Kxd7 16. Bg7 Rh5 17. Rad1 Ke8 18. Qe2 Bxh4 19. gxh4 Qxh4 20. f3 Rd8 21.
Nd5 Bxd5 22. exd5 f6 23. f4 Kf7 24. Qc4 Qxh2+ 25. Kf1 Qxf4+ 26. Qxf4 exf4 27.
Kg2 Kxg7 28. Re4 Rf5 29. Kf3 g5 30. Ra4 a5 31. Rc4 Rd7 32. Rc6 Ne7 33. Rxb6
Nxd5 34. Rb5 Ne3 35. Rxf5 Nxd1 36. b3 d5 37. c4 Ne3 0-1

[Event "2014 Northern Alberta Open"]
[Site "Edmonton"]
[Date "2014.02.16"]
[Round "4.7"]
[White "Karmali, Hafiz"]
[Black "Porter, Patrick"]
[Result "1-0"]
[WhiteElo "2039"]
[BlackElo "1890"]
[PlyCount "43"]
[EventDate "2014.02.15"]
[EventType "swiss"]
[EventRounds "5"]
[EventCountry "CAN"]

1. d4 e6 2. c4 f5 3. Nc3 Nf6 4. Nf3 Be7 5. e3 b6 6. b3 Bb7 7. Bb2 O-O 8. Be2 d6
9. O-O Qe8 10. Ng5 Bd8 11. Bf3 Bxf3 12. Qxf3 c6 13. d5 Nxd5 14. Nxe6 Qxe6 15.
cxd5 Qd7 16. dxc6 Nxc6 17. Rfd1 Kh8 18. Nb5 Bc7 19. Rac1 Ne5 20. Bxe5 Qxb5 21.
Bxg7+ Kxg7 22. Rxc7+ 1-0

[Event "2014 Northern Alberta Open"]
[Site "Edmonton"]
[Date "2014.02.16"]
[Round "4.9"]
[White "Pechenkin, Vladimir"]
[Black "Arzumanyan, Armine"]
[Result "1-0"]
[WhiteElo "2395"]
[BlackElo "1827"]
[PlyCount "111"]
[EventDate "2014.02.15"]
[EventType "swiss"]
[EventRounds "5"]
[EventCountry "CAN"]

1. c4 g6 2. Nc3 Bg7 3. g3 e6 4. Bg2 Ne7 5. Nf3 O-O 6. O-O d5 7. d4 Nd7 8. Qd3
c5 9. cxd5 exd5 10. Bg5 cxd4 11. Nxd5 f6 12. Nxe7+ Qxe7 13. Bf4 Ne5 14. Qxd4
Rd8 15. Qe3 Bf5 16. Nxe5 fxe5 17. Bg5 Bf6 18. Bxf6 Qxf6 19. Rfd1 e4 20. Bxe4
Bxe4 21. Qxe4 Re8 22. Qc4+ Kh8 23. e3 b6 24. Qd4 Qxd4 25. Rxd4 Rac8 26. Rad1
Rf8 27. R1d2 a5 28. a4 Kg7 29. Kg2 h5 30. h4 Rc5 31. Rd7+ Rf7 32. Rxf7+ Kxf7
33. Rd7+ Ke6 34. Rg7 Kf6 35. Rb7 Rc6 36. Kf3 Ke5 37. b3 Kd5 38. Rd7+ Kc5 39.
Rd4 b5 40. Ke4 Re6+ 41. Kd3 Kb6 42. e4 Rc6 43. f4 Rc1 44. Rd6+ Kc7 45. Rxg6 b4
46. Ra6 Rc3+ 47. Kd4 Rxb3 48. Rxa5 Rxg3 49. Rxh5 Ra3 50. Rb5 Rxa4 51. Kd5 Ra1
52. Rxb4 Rh1 53. f5 Rxh4 54. Ke6 Rh8 55. f6 Rd8 56. e5 1-0

[Event "2014 Northern Alberta Open"]
[Site "Edmonton"]
[Date "2014.02.16"]
[Round "4.10"]
[White "Sequillion, Aaron"]
[Black "Brazeau, Robert"]
[Result "1-0"]
[WhiteElo "2188"]
[BlackElo "1850"]
[PlyCount "53"]
[EventDate "2014.02.15"]
[EventType "swiss"]
[EventRounds "5"]
[EventCountry "CAN"]

1. e4 e6 2. d4 d5 3. Nd2 Nf6 4. e5 Nfd7 5. Bd3 c5 6. c3 Nc6 7. Ngf3 Qb6 8. O-O
cxd4 9. cxd4 Nxd4 10. Nxd4 Qxd4 11. Nf3 Qb6 12. Qa4 Qb4 13. Qc2 Nc5 14. Bd2 Qa4
15. b3 Qd7 16. Rac1 Nxd3 17. Qxd3 Be7 18. Rc2 h6 19. Nd4 a6 20. Rfc1 Bd8 21.
Bb4 Bg5 22. Qg3 Rg8 23. f4 Bd8 24. f5 Bg5 25. fxe6 fxe6 26. Rf1 Be7 27. Qg6+
1-0

[Event "2014 Northern Alberta Open"]
[Site "Edmonton"]
[Date "2014.02.16"]
[Round "4.12"]
[White "Grossmann, Lenard"]
[Black "Almanza, Bismarck"]
[Result "1-0"]
[WhiteElo "1632"]
[BlackElo "1310"]
[PlyCount "91"]
[EventDate "2014.02.15"]
[EventType "swiss"]
[EventRounds "5"]
[EventCountry "CAN"]

1. d4 e6 2. Nf3 c5 3. e3 d5 4. b3 Nf6 5. Bd3 b6 6. Bb2 Bb7 7. O-O Bd6 8. Nbd2
Nbd7 9. Ne5 Qc7 10. f4 Rf8 11. Rc1 g6 12. c4 Ba6 13. Qe2 b5 14. cxb5 Bb7 15.
Nxd7 Kxd7 16. dxc5 Bxc5 17. Bxf6 Qb6 18. Rfe1 d4 19. e4 Be7 20. Bxe7 Kxe7 21.
Nf3 f5 22. e5 a6 23. Kh1 axb5 24. Bxb5 Be4 25. Bd3 Bxf3 26. gxf3 Rfc8 27. Rxc8
Rxc8 28. Bc4 Qb4 29. Rd1 Qc3 30. Qd3 Rd8 31. Qxc3 dxc3 32. Rc1 Rd4 33. Rxc3
Rxf4 34. Rd3 g5 35. a4 g4 36. fxg4 Rxg4 37. Re3 f4 38. Re4 h5 39. Be2 Rh4 40.
Kg2 Kf7 41. Bf3 Kg6 42. a5 Kf5 43. h3 Rg4+ 44. hxg4+ hxg4 45. a6 gxf3+ 46. Kxf3
1-0

[Event "2014 Northern Alberta Open"]
[Site "Edmonton"]
[Date "2014.02.16"]
[Round "4.13"]
[White "Somera, Carlito"]
[Black "White, Chris"]
[Result "0-1"]
[WhiteElo "1541"]
[BlackElo "1706"]
[PlyCount "178"]
[EventDate "2014.02.15"]
[EventType "swiss"]
[EventRounds "5"]
[EventCountry "CAN"]

1. d4 d5 2. Nc3 Bf5 3. a3 e6 4. h3 Nf6 5. Bg5 c5 6. e3 Qb6 7. Bb5+ Nc6 8. Bxf6
gxf6 9. Bxc6+ bxc6 10. b3 cxd4 11. Na4 Qa5+ 12. Qd2 Qxd2+ 13. Kxd2 dxe3+ 14.
fxe3 Rg8 15. g4 Be4 16. Rh2 Bg7 17. Rf1 f5 18. Rhf2 d4 19. Ne2 dxe3+ 20. Kxe3
Bxc2 21. Nc5 Bh6+ 22. Nf4 Bxf4+ 23. Kxf4 Be4 24. Nxe4 fxe4 25. Kxe4 Rg7 26. Ke5
Rd8 27. Rf3 Rd5+ 28. Ke4 f5+ 29. gxf5 exf5+ 30. Kf4 Ke7 31. Ke3 Kf6 32. Rc1 Rc7
33. Rc4 Kg5 34. h4+ Kh5 35. Rg3 Re7+ 36. Kf4 Kxh4 37. Kf3+ Re4 38. Rg7 Rd3+ 39.
Kf2 Rxc4 40. Rxh7+ Kg4 41. bxc4 Rxa3 42. Rc7 Ra6 43. Rg7+ Kf4 44. Rc7 Ra2+ 45.
Ke1 Ke3 46. Re7+ Kd4 47. c5 Ra5 48. Rf7 Ke3 49. Re7+ Kf3 50. Kd2 f4 51. Rf7
Rxc5 52. Rxa7 Re5 53. Ra3+ Re3 54. Ra1 Kf2 55. Rh1 Rg3 56. Rc1 f3 57. Rxc6 Kg2
58. Rf6 Kf2 59. Rf5 Rg2 60. Rd5 Kg1+ 61. Kd3 f2 62. Rf5 f1=Q+ 63. Rxf1+ Kxf1
64. Ke4 Rf2 65. Kd3 Re2 66. Kd4 Kf2 67. Kd3 Kf3 68. Kd4 Kf4 69. Kd3 Re8 70. Kd2
Kf3 71. Kd3 Rd8+ 72. Kc4 Ke3 73. Kc5 Ke4 74. Kc6 Ke5 75. Kc7 Rd1 76. Kc6 Rd2
77. Kc7 Ke6 78. Kb6 Rc2 79. Kb5 Kd5 80. Kb4 Rc8 81. Kb3 Kd4 82. Kb2 Kd3 83. Kb3
Rb8+ 84. Ka4 Kc4 85. Ka5 Rb1 86. Ka6 Kc5 87. Ka7 Kc6 88. Ka8 Kc7 89. Ka7 Ra1#
0-1

[Event "2014 Northern Alberta Open"]
[Site "Edmonton"]
[Date "2014.02.16"]
[Round "4.14"]
[White "Hughey, Leah"]
[Black "Stainer, Joel"]
[Result "0-1"]
[WhiteElo "1468"]
[BlackElo "1604"]
[PlyCount "122"]
[EventDate "2014.02.15"]
[EventType "swiss"]
[EventRounds "5"]
[EventCountry "CAN"]

1. c4 c6 2. b3 Nf6 3. Bb2 d5 4. Nf3 Bf5 5. d3 e6 6. e3 Nbd7 7. Be2 Bb4+ 8. Nbd2
dxc4 9. bxc4 Nc5 10. Bxf6 gxf6 11. d4 Nd3+ 12. Bxd3 Bxd3 13. Qb3 Bxd2+ 14. Nxd2
Bg6 15. Qxb7 O-O 16. Qxc6 Rc8 17. Qf3 Qa5 18. c5 f5 19. Qe2 e5 20. O-O exd4 21.
exd4 Rfe8 22. Nb3 Qb4 23. Qd2 Qc4 24. Rfe1 Red8 25. Re7 Ra8 26. h3 a5 27. Nxa5
Qxc5 28. dxc5 Rxd2 29. Nb7 Kf8 30. Re5 f6 31. Re6 Kf7 32. Rae1 Raxa2 33. Nd6+
Kg7 34. Rf1 Rac2 35. Nb7 Bf7 36. Rd6 Rxd6 37. cxd6 Rd2 38. Re1 Kf8 39. Re7 h5
40. Nd8 Bc4 41. Rc7 Rxd6 42. Rxc4 Rxd8 43. Rh4 Kg7 44. Rxh5 Kg6 45. g4 fxg4 46.
hxg4 Rd4 47. f3 Rd2 48. f4 Rc2 49. Rh2 Rc4 50. Rf2 Rc3 51. Kg2 Rd3 52. Rf3 Rd2+
53. Kg3 Rd1 54. Re3 Rg1+ 55. Kh4 Kf7 56. f5 Rg2 57. Rg3 Rh2+ 58. Rh3 Rg2 59.
Kh5 Kg7 60. Rh4 Rg3 61. g5 Rxg5# 0-1

[Event "2014 Northern Alberta Open"]
[Site "Edmonton"]
[Date "2014.02.16"]
[Round "4.16"]
[White "Elchoufi, Louay"]
[Black "Koperski, Dustin"]
[Result "1-0"]
[WhiteElo "1659"]
[BlackElo "1232"]
[PlyCount "39"]
[EventDate "2014.02.15"]
[EventType "swiss"]
[EventRounds "5"]
[EventCountry "CAN"]

1. d4 d5 2. c4 c6 3. Nc3 Nf6 4. Nf3 e6 5. Bg5 Nbd7 6. e3 Bd6 7. Bd3 dxc4 8.
Bxc4 b5 9. Bd3 O-O 10. O-O h6 11. Bh4 a6 12. e4 e5 13. Re1 Re8 14. Rc1 c5 15.
dxe5 Nxe5 16. Nxe5 Bxe5 17. Qe2 Bxh2+ 18. Kxh2 Ng4+ 19. Qxg4 Qd6+ 20. Bg3 1-0

[Event "2014 Northern Alberta Open"]
[Site "Edmonton"]
[Date "2014.02.16"]
[Round "4.17"]
[White "Sponga, George"]
[Black "Nolan, Pat"]
[Result "0-1"]
[WhiteElo "1587"]
[BlackElo "1429"]
[PlyCount "88"]
[EventDate "2014.02.15"]
[EventType "swiss"]
[EventRounds "5"]
[EventCountry "CAN"]

1. f4 d5 2. d3 Nf6 3. e3 Bf5 4. Be2 g6 5. c3 Bg7 6. Nd2 O-O 7. Ngf3 Nbd7 8. b3
Re8 9. d4 c6 10. O-O Ne4 11. Bb2 Qa5 12. Nxe4 Bxe4 13. c4 e6 14. a3 c5 15. Ne5
Qc7 16. Rc1 Rad8 17. cxd5 exd5 18. Nxd7 Qxd7 19. Rxc5 a6 20. Qd2 Rc8 21. b4 Bf8
22. Rxc8 Rxc8 23. Bc3 Qa4 24. Qb2 Qc6 25. Rc1 Be7 26. b5 axb5 27. Bxb5 Qd6 28.
Ra1 Ra8 29. a4 Bf5 30. h3 Bd7 31. g4 h6 32. Kg2 Bc6 33. Rb1 Qe6 34. Bxc6 bxc6
35. Qb7 Qe4+ 36. Kh2 Rxa4 37. Qb8+ Kh7 38. Bd2 Qd3 39. Qb2 Ba3 40. Qa2 Rc4 41.
Rb3 Qe2+ 42. Kg3 Be7 43. Rb8 Bh4+ 44. Kxh4 Qf2# 0-1

[Event "2014 Northern Alberta Open"]
[Site "Edmonton"]
[Date "2014.02.16"]
[Round "5.2"]
[White "Nguyen, Kim"]
[Black "Haessel, Dale"]
[Result "1-0"]
[WhiteElo "2081"]
[BlackElo "2277"]
[PlyCount "95"]
[EventDate "2014.02.15"]
[EventType "swiss"]
[EventRounds "5"]
[EventCountry "CAN"]

1. e4 e5 2. Nf3 Nf6 3. Nxe5 d6 4. Nf3 Nxe4 5. Nc3 Nxc3 6. dxc3 Be7 7. Be3 Nc6
8. Qd2 Be6 9. a4 O-O 10. a5 Ne5 11. Nd4 Bc4 12. Be2 Qd7 13. O-O Rfe8 14. Rfe1
Bxe2 15. Qxe2 Ng4 16. Qf3 Nxe3 17. Rxe3 d5 18. Nf5 Bf6 19. Rd3 c6 20. a6 b5 21.
g3 Re6 22. Nd4 Re5 23. Kg2 Rae8 24. Qd1 g6 25. h4 h5 26. Qf1 Re4 27. Nf3 Re2
28. Rd2 Rxd2 29. Nxd2 Bxh4 30. Re1 Bd8 31. Nf3 Rxe1 32. Qxe1 Bb6 33. Qe2 Qf5
34. Qe8+ Kh7 35. Qe7 Kg7 36. Qe5+ Qxe5 37. Nxe5 d4 38. cxd4 Bxd4 39. Nxc6 Bb6
40. Ne5 f6 41. Nd7 Bc7 42. f4 Kf7 43. Kf3 Bd6 44. Ke4 Ke6 45. Nb6 Bc5 46. Nc8
f5+ 47. Kf3 Kd7 48. b4 {White won the game eventually.} 1-0